LDR 00821naa#a2200193#i#450# 001 RU\\bibl\115883 005 20260418080229.6 011 ## _a2782-4586 100 ## _a20260331b2026####ek#y0rusy0150####ca 102 ## _aRU 200 1# _aОсобенности банкротства юридических лиц в России _eЖурнальная статья 210 1# _aМосква _cУниверситет ИТБО _d2026 215 ## _a5 с. 608 ## _aЖурнальная статья _2local 675 ## _aФинансы. Банковское дело. Деньги и денежное обращение. 336 _z 700 #1 _aАкбашева _gДиана Мухадиновна 700 #1 _aКоркмазова _gЗарема Халитовна 700 #1 _aАйсанова _gАмалия Муратовна 856 4# _ajomeam.ru _u